[Event "Warsaw Najdorf Memorial op-A 22nd"]
[Site "Warsaw"]
[Date "2025.07.08"]
[Round "1"]
[White "Borowy, Cezary"]
[Black "Arnold, Rhys"]
[Result "1/2-1/2"]
[WhiteElo "2053"]
[BlackElo "2256"]
[PlyCount "49"]
[EventDate "2025.07.08"]
[EventType "swiss"]
[EventRounds "9"]
[EventCountry "POL"]
[SourceTitle "CB29_2025"]
[SourceDate "2025.07.16"]
[SourceVersion "1"]
[SourceVersionDate "2025.07.16"]
[SourceQuality "1"]

1. d4 Nf6 2. c4 e6 3. Nf3 d5 4. Bg5 Bb4+ 5. Nbd2 0-0 6. e3 h6 7. Bh4 b6 8. Bd3 dxc4 9. Bxc4 Bb7 10. 0-0 Nbd7 11. Qe2 Be7 12. Rfd1 c5 13. Rac1 Rc8 14. dxc5 Bxc5 15. Nb3 Qe7 16. Bb5 Rfd8 17. Bxd7 Rxd7 18. Rxd7 Qxd7 19. Bxf6 gxf6 20. Nxc5 Rxc5 21. Rxc5 bxc5 22. Qd2 Qa4 23. a3 Bxf3 24. gxf3 Kg7 25. Qc3 1/2-1/2

[Event "Warsaw Najdorf Memorial op-A"]
[Site "Warsaw"]
[Date "2024.07.13"]
[Round "5"]
[White "Majocha, Piotr"]
[Black "Borowy, Cezary"]
[Result "1/2-1/2"]
[WhiteElo "2066"]
[BlackElo "1993"]
[PlyCount "52"]
[EventDate "2024.07.09"]
[EventType "swiss"]
[EventRounds "9"]
[EventCountry "POL"]
[SourceTitle "EXT 2025"]
[Source "ChessBase"]
[SourceDate "2024.10.14"]
[SourceVersion "1"]
[SourceVersionDate "2024.10.14"]
[SourceQuality "1"]

1. d4 d6 2. c4 e5 3. e3 Nd7 4. Nc3 g6 5. g3 Bg7 6. Bg2 Ne7 7. Nf3 0-0 8. 0-0 h6 9. b3 f5 10. Qc2 e4 11. Nd2 c5 12. dxc5 Nc6 13. a3 Nxc5 14. Rb1 Ne5 15. f3 Be6 16. fxe4 Ng4 17. Nf3 fxe4 18. Nd4 Rxf1+ 19. Bxf1 Bf5 20. Nxf5 gxf5 21. Nd5 Ne5 22. Bb2 Qg5 23. Bxe5 Bxe5 24. Qf2 Kh8 25. b4 Nd7 26. Kh1 Nf6 1/2-1/2

[Event "Warsaw Najdorf Memorial op-A"]
[Site "Warsaw"]
[Date "2024.07.12"]
[Round "4"]
[White "Borowy, Cezary"]
[Black "Zysko, Jan"]
[Result "1/2-1/2"]
[WhiteElo "1993"]
[BlackElo "2089"]
[PlyCount "47"]
[EventDate "2024.07.09"]
[EventType "swiss"]
[EventRounds "9"]
[EventCountry "POL"]
[SourceTitle "EXT 2025"]
[Source "ChessBase"]
[SourceDate "2024.10.14"]
[SourceVersion "1"]
[SourceVersionDate "2024.10.14"]
[SourceQuality "1"]

1. d4 Nf6 2. Nf3 g6 3. Nc3 d5 4. Bf4 Bg7 5. Nb5 Na6 6. e3 0-0 7. Be2 c6 8. Nc3 c5 9. Ne5 Qb6 10. Na4 Qa5+ 11. c3 Nd7 12. Bxa6 Nxe5 13. Be2 cxd4 14. b4 Qd8 15. Bxe5 Bxe5 16. cxd4 Bd6 17. Qb3 b6 18. Rc1 Bb7 19. 0-0 Rc8 20. Nc5 Bc6 21. Na6 Bb7 22. Nc5 Bc6 23. Na6 Bb7 24. Nc5 1/2-1/2